The art of scientific writing: from student reports to professional publications in chemistry and related fields

Збережено в:
Бібліографічні деталі
Автори: Ebel, Hans F (Автор), Bliefert, Claus (Автор), Russey, William E (Автор)
Формат: Книга
Мова:Англійська
Опубліковано: Weinheim Wiley-VCH 2004
Редагування:2a. ed
Предмети:
Теги: Додати тег
Немає тегів, Будьте першим, хто поставить тег для цього запису!

MARC

LEADER 00000nam a2200000 a 4500
001 UCK1890
003 CL-VaPUC
008 041210e20040000GW |||||||||||||||||eng|d
020 |a 3527298290 
082 0 4 |a 808.06654  |b EBE  |2 21 
100 0 |a Ebel, Hans F  |e author  |9 489760 
700 0 |a Bliefert, Claus  |e author  |9 489761 
700 0 |a Russey, William E  |e author  |9 489762 
245 1 4 |a The art of scientific writing: from student reports to professional publications in chemistry and related fields 
250 |a 2a. ed 
300 |a 595 p 
942 |c BK 
945 |d 20041210 00:00:00  |a cmena 
260 |a Weinheim  |b Wiley-VCH  |c 2004 
650 0 |a Redacción de escritos  |9 356917 
650 0 |a Investigación científica  |9 259857 
650 0 |a Análisis del discurso  |9 256696 
650 0 |a Retórica   |9 266620 
583 |a last modification  |c 20130123 02:31:21  |k Rodrigo Vera 
999 |c 311661  |d 311659 
952 |0 0  |1 0  |4 0  |6 808_066540000000000_EBE_2004  |7 0  |8 A  |9 381205  |a BIBCUR  |b BIBCUR  |d 2019-11-21  |i 4085221  |o 808.06654 EBE 2004  |p 4085221  |r 2025-04-22  |w 2019-11-21  |y BK  |k QUI